| 000 | 01214 a2200157 4500 | ||
|---|---|---|---|
| 003 | Nust | ||
| 005 | 20230322131434.0 | ||
| 040 | _cNust | ||
| 082 | _a658.453,MCC | ||
| 100 |
_aEric McColvin _9111072 |
||
| 245 |
_aA Refresher Course in Essay , Report and Precis Writing / _cEric McColvin |
||
| 260 |
_alondon _bGeorge newnes Ltd _c1946 |
||
| 300 | _a205 p; | ||
| 505 | _aWhat are the Essential of Good Essay and Report Writing / (Page-9), Is a Knowledge of English Grammar Nieces Sary (Page-16), What is a Sentence? (Page-24), How are Bad Sentences Avoided? (Page-31), What is Paragraph (Page-40), How Shall I Begin an Essay? (Page-45), How Shall I Arrange my Material? (Page-50), Is Conciseness Always (Page-56), How Shall I Avoid Ambiguity and other Common Errors? (Page-73), Is a Wide Vocabulary Necessary? (Page-82), How Shall I Choose the Right Word? (Page-91), What is the Value of Paraphrasing? (Page-101), What is Précis Writing? (Page-117), What is Note Taking? (Page-136), What are the First Rules of Business Letter Writing? (Page-162), What is a House Journal? (Page-179), How is Material Prepared for the Press? (Page-184), How Shall i be Sure of My Face Exercises (Page-192). | ||
| 942 |
_2ddc _cBK |
||
| 999 |
_c194299 _d194299 |
||